Statistics for Mallorca Best Scorer By Year

Click here to take the quiz!

General Stats

  • This quiz has been taken 42 times
    (35 since last reset)
  • The average score is 6 of 29

Answer Stats

Player% Correct
Samuel Eto'o
75%
Vedat Muriqi
75%
Dani Güiza
46%
Pierre Webó
36%
Diego Tristán
32%
Albert Luque
29%
Ante Budimir
29%
Dani García
29%
Luis García
29%
Juan Arango
25%
Salva Sevilla
25%
Aritz Aduriz
21%
Miguel Ángel Nadal
21%
Gabriel Amato
18%
Tomer Hemed
18%
Walter Pandiani
18%
Boško Janković
14%
Ernesto Domínguez
14%
Enrique Magdaleno
11%
Claudio Barragán
7%
Daniel Bergara
7%
Francisco Higuera
7%
Gerry Armstrong
7%
Goran Milojević
7%
Joan Forteza
7%
Manuel Haro
7%
Pepillo
7%
Rolando Barrera
7%
Víctor Casadesús
7%

Score Distribution

Percentile by Number Answered

Percent of People with Each Score

Your Score History

You have not taken this quiz since the last reset